[Event "11. Lippstaedter GM-Turnier"]
[Site "Lippstadt"]
[Date "2003.08.15"]
[Round "9"]
[White "Gustafsson, Jan"]
[Black "Brenke, Andreas"]
[Result "1-0"]
[WhiteElo "2570"]
[BlackElo "2394"]
[PlyCount "69"]

1. d4 Nf6 2. c4 e6 3. Nc3 Bb4 4. Qc2 O-O 5. a3 Bxc3+ 6. Qxc3 d6 7. Bg5 Nbd7 8.
Nf3 b6 9. Nd2 c5 10. dxc5 bxc5 11. e3 Ba6 12. b4 d5 13. b5 Bb7 14. Bd3 h6 15.
Bh4 Qb6 16. O-O d4 17. Qc2 e5 18. a4 a5 19. Rae1 Rfe8 20. f3 Nf8 21. Nb3 N6d7
22. exd4 exd4 23. Bg3 Ne6 24. Bh7+ Kh8 25. Bf5 Ndf8 26. Re5 g6 27. Bd3 Kg7 28.
Rfe1 Nd7 29. R5e2 Qd8 30. Bxg6 Qg5 31. Bf5 h5 32. Be4 h4 33. Bxh4 Qxh4 34. Bxb7
Rab8 35. Bc6 1-0

[Event "11. Lippstaedter GM-Turnier"]
[Site "Lippstadt"]
[Date "2003.08.15"]
[Round "9"]
[White "Maiwald, Jens-Uwe"]
[Black "Wehmeier, Stefan"]
[Result "1/2-1/2"]
[WhiteElo "2517"]
[BlackElo "2362"]
[PlyCount "84"]

1. g3 d5 2. Bg2 c6 3. Nf3 Bg4 4. d3 Nd7 5. O-O e6 6. Qe1 Ngf6 7. e4 dxe4 8.
dxe4 Bc5 9. Nbd2 O-O 10. a3 a5 11. b3 b5 12. Bb2 Qc7 13. e5 Nd5 14. h3 Bh5 15.
Kh2 b4 16. a4 Rad8 17. Nc4 N7b6 18. Nxa5 Ra8 19. Nc4 Nxc4 20. bxc4 Nb6 21. Bd4
Qe7 22. Qe3 Ra5 23. Bxc5 Rxc5 24. Nd4 Nxc4 25. Qe1 Qa7 26. f4 Na3 27. Qf2 Rc4
28. Nxc6 Qxf2 29. Rxf2 Nxc2 30. Rb1 Bg6 31. Rb2 Bd3 32. a5 Ne1 33. Bh1 h6 34.
Rxb4 Rc1 35. Rb8 Rxb8 36. Nxb8 Ra1 37. Nc6 Bb5 38. Rb2 Bxc6 39. Bxc6 Rxa5 40.
Be4 g6 41. Re2 Ra1 42. g4 Rd1 1/2-1/2

[Event "11. Lippstaedter GM-Turnier"]
[Site "Lippstadt"]
[Date "2003.08.15"]
[Round "9"]
[White "Jenni, Florian"]
[Black "Ruck, Robert"]
[Result "0-1"]
[WhiteElo "2508"]
[BlackElo "2550"]
[PlyCount "82"]

1. e4 c5 2. Nf3 d6 3. d4 cxd4 4. Nxd4 Nf6 5. Nc3 a6 6. Be3 Ng4 7. Bg5 h6 8. Bh4
g5 9. Bg3 Bg7 10. Be2 h5 11. Nf5 Bxf5 12. exf5 Nf6 13. h4 gxh4 14. Bxh4 Qa5 15.
O-O Qxf5 16. Bd3 Qa5 17. Qf3 Nc6 18. Rfe1 Kf8 19. a3 Rb8 20. b4 Qd8 21. Rad1
Ne5 22. Rxe5 dxe5 23. Ne4 Qc7 24. Nc5 Rd8 25. Re1 b6 26. Nxa6 Qc3 27. Kf1 e4
28. Qe2 Kg8 29. Bb5 Rd2 30. Bxf6 Bxf6 31. Qxe4 Qxc2 32. Qf4 Rh6 33. Be2 Rg6 34.
Nc7 Rd4 35. Qc1 Qxc1 36. Rxc1 Be5 37. Nb5 Rd2 38. Bxh5 Rh6 39. Ke1 Rxh5 40.
Kxd2 Bf4+ 41. Kc2 Bxc1 0-1

[Event "11. Lippstaedter GM-Turnier"]
[Site "Lippstadt"]
[Date "2003.08.15"]
[Round "9"]
[White "Cyborowski, Lukasz"]
[Black "Smeets, Jan"]
[Result "0-1"]
[WhiteElo "2550"]
[BlackElo "2477"]
[PlyCount "76"]

1. Nf3 c5 2. c4 Nf6 3. Nc3 e6 4. g3 b6 5. Bg2 Bb7 6. O-O Be7 7. d4 cxd4 8. Qxd4
Nc6 9. Qf4 d6 10. Rd1 O-O 11. b3 Qb8 12. Bb2 Ne5 13. e4 a6 14. Nd4 Rd8 15. Qe3
Qc7 16. Rac1 Rac8 17. Qe2 Qb8 18. Re1 Qa8 19. Rcd1 Ned7 20. f4 Nc5 21. g4 Ne8
22. g5 Bf8 23. h4 b5 24. cxb5 axb5 25. Ndxb5 Ba6 26. b4 Nd7 27. f5 e5 28. a4
Nb6 29. Qf2 Qb7 30. f6 d5 31. exd5 Bxb4 32. d6 Qb8 33. Rxe5 Nxd6 34. Nd5 Nxd5
35. Bxd5 Nc4 36. fxg7 Rd7 37. Rf1 Nxe5 38. Bxe5 Qxe5 0-1

[Event "11. Lippstaedter GM-Turnier"]
[Site "Lippstadt"]
[Date "2003.08.16"]
[Round "10"]
[White "Ruck, Robert"]
[Black "Cyborowski, Lukasz"]
[Result "1/2-1/2"]
[WhiteElo "2550"]
[BlackElo "2550"]

1. Nf3 c5 2. c4 g6 3. d4 Bg7 4. e4 Qa5+ 5. Bd2 Qb6 6. Bc3 cxd4 7. Bxd4 Bxd4 8.
Qxd4 Qxd4 9. Nxd4 d6 10. Nc3 Nf6 11. Ndb5 Na6 12. Be2 Bd7 13. Nd4 Nc5 14. f3 e5
15. Nc2 a5 16. O-O-O Ke7 17. Rd2 Na4 18. Nxa4 Bxa4 19. b3 Bc6 20. Rhd1 1/2-1/2

[Event "11. Lippstaedter GM-Turnier"]
[Site "Lippstadt"]
[Date "2003.08.16"]
[Round "10"]
[White "Schenk, Andreas"]
[Black "Maiwald, Jens-Uwe"]
[Result "1/2-1/2"]
[WhiteElo "2491"]
[BlackElo "2517"]

1. d4 Nf6 2. c4 c5 3. Nf3 e6 4. d5 exd5 5. cxd5 d6 6. Nc3 g6 7. e4 Bg7 8. Be2
O-O 9. O-O Re8 10. Nd2 a6 11. a4 Nbd7 12. Re1 Rb8 13. Bf1 Qc7 14. h3 h6 15. Ra3
1/2-1/2

[Event "11. Lippstaedter GM-Turnier"]
[Site "Lippstadt"]
[Date "2003.08.16"]
[Round "10"]
[White "Wehmeier, Stefan"]
[Black "Jenni, Florian"]
[Result "1/2-1/2"]
[WhiteElo "2362"]
[BlackElo "2508"]

1. e4 e5 2. Nf3 Nc6 3. Nc3 Nf6 4. d4 exd4 5. Nxd4 Bb4 6. Nxc6 bxc6 7. Bd3 d5 8.
exd5 cxd5 9. O-O O-O 10. Bg5 c6 11. Qf3 Be6 12. h3 Rb8 13. Na4 Bd6 14. b3 h6
15. Bf4 d4 16. c4 c5 17. Rad1 Rc8 18. Rfe1 Bxf4 19. Qxf4 Qc7 20. Qf3 Bd7 21.
Bf5 Bxa4 22. Bxc8 Bc6 23. Qf5 Be4 24. Rxe4 Nxe4 25. Qxe4 Rxc8 26. Re1 Rd8 27.
Qe7 Qxe7 28. Rxe7 Kf8 29. Re5 f6 30. Re2 a5 31. Kf1 Kf7 32. Rb2 Rb8 33. Ke2 a4
34. Kd3 g5 35. g4 Ke6 36. Ke4 h5 37. f4 hxg4 38. hxg4 gxf4 39. Kxf4 a3 40. Rb1
Rd8 41. b4 cxb4 42. Rxb4 d3 43. Rb6+ Kf7 44. Rb1 Rd4+ 45. Ke3 Rxc4 46. Rb7+ Kg6
47. Ra7 Rc3 48. Ra5 Kh6 49. Rf5 Kg6 50. Ra5 d2+ 51. Kxd2 Rg3 52. Ke1 Rc3 53.
Kd2 Rh3 54. Kd1 Kh6 55. Rf5 Rh1+ 56. Kc2 Kg6 57. Rf3 Rg1 58. Rxa3 Rxg4 59. Kd2
Re4 60. Re3 Kf5 1/2-1/2

[Event "11. Lippstaedter GM-Turnier"]
[Site "Lippstadt"]
[Date "2003.08.16"]
[Round "10"]
[White "Romanischin"]
[Black "Gustafsson"]
[Result "1/2-1/2"]
[WhiteElo "2561"]
[BlackElo "2570"]

1. d4 d5 2. c4 c6 3. Nf3 Nf6 4. Nc3 dxc4 5. a4 Bf5 6. e3 e6 7. Bxc4 Bb4 8. O-O
O-O 9. h3 Nbd7 10. Nh4 Bg6 11. Nxg6 hxg6 12. Qc2 Qe7 13. Rd1 Rad8 14. a5 c5 15.
Be2 cxd4 16. exd4 Nb8 17. Bg5 Rd7 18. Bf3 Rfd8 19. Qa4 a6 20. Na2 Bd6 21. Nc3
Bb4 22. Na2 Bd6 23. Rac1 Qe8 24. Nc3 Be7 25. Bf4 Nc6 26. Bxc6 bxc6 27. Qc4 Ra7
28. Be5 Nd5 29. Ne4 Bb4 30. Qxc6 Bxa5 31. Qxe8+ Rxe8 32. Rc6 Bb4 33. Bd6 a5 34.
Ra1 Bxd6 35. Nxd6 Rb8 36. Nc4 a4 37. Rc5 g5 38. g3 Rb3 39. Ra3 Rb4 40. Kg2 Rc7
41. Ne5 Rxd4 42. Rxc7 Nxc7 43. Rc3 Rd5 44. Ng6 Rd7 45. Ne5 Rd5 46. Ng6 Rd7 47.
Ne5 Rd5 1/2-1/2

[Event "11. Lippstaedter GM-Turnier"]
[Site "Lippstadt GER"]
[Date "2003.08.17"]
[Round "11"]
[White "Jenni, Florian"]
[Black "Schenk, Andreas"]
[Result "1/2-1/2"]
[WhiteElo "2508"]
[BlackElo "2491"]
[PlyCount "22"]

1. d4 Nf6 2. c4 e6 3. Nc3 Bb4 4. Qc2 O-O 5. a3 Bxc3+ 6. Qxc3 b6 7. Bg5 Ba6 8.
Qf3 Nc6 9. e3 Na5 10. Bxf6 Qxf6 11. Qxf6 gxf6 1/2-1/2

[Event "11. Lippstaedter GM-Turnier"]
[Site "Lippstadt GER"]
[Date "2003.08.17"]
[Round "11"]
[White "Brenke, Andreas"]
[Black "Romanishin, Oleg"]
[Result "1/2-1/2"]
[WhiteElo "2404"]
[BlackElo "2561"]
[PlyCount "80"]

1. d4 Nf6 2. Nf3 e6 3. e3 b6 4. Bd3 Bb7 5. O-O c5 6. c4 d6 7. Nc3 Nbd7 8. b3 a6
9. Bb2 g6 10. d5 exd5 11. Nxd5 Bxd5 12. cxd5 Bg7 13. Qe2 b5 14. a4 bxa4 15.
bxa4 Qc8 16. a5 O-O 17. Bc4 Re8 18. Bc3 Ne4 19. Bxg7 Kxg7 20. Rfb1 Kg8 21. Rb3
Nef6 22. h3 Qc7 23. Bxa6 Ra7 24. Bb5 Rxa5 25. Rxa5 Qxa5 26. Bc6 Qa1+ 27. Qf1
Qxf1+ 28. Kxf1 Rb8 29. Rxb8+ Nxb8 30. Ke2 Ne4 31. Nd2 Nxd2 32. Kxd2 Na6 33. f4
f5 34. g4 Kf7 35. Bd7 Kf6 36. g5+ Ke7 37. Bb5 Nc7 38. Bc6 Na6 39. Bb5 Nc7 40.
Bc6 Na6 1/2-1/2

[Event "11. Lippstaedter GM-Turnier"]
[Site "Lippstadt GER"]
[Date "2003.08.17"]
[Round "11"]
[White "Gustafsson, Jan"]
[Black "Smeets, Jan"]
[Result "1/2-1/2"]
[WhiteElo "2570"]
[BlackElo "2477"]
[PlyCount "53"]

1. d4 d5 2. c4 c6 3. Nf3 e6 4. Qc2 Nf6 5. Bg5 dxc4 6. Qxc4 b5 7. Qc2 Bb7 8. e3
Nbd7 9. Bd3 a6 10. a4 Bb4+ 11. Nc3 h6 12. Bxf6 Nxf6 13. O-O O-O 14. Ne4 Nd7 15.
Rfd1 Qb6 16. Rac1 bxa4 17. Qxa4 Rfd8 18. Qc2 Rab8 19. Nc3 c5 20. Na4 Qa7 21.
dxc5 Bc6 22. Be2 Rdc8 23. Nd4 Bxa4 24. Qxa4 Nxc5 25. Qa2 Qb6 26. Bf3 a5 27. Qc4
1/2-1/2

[Event "11. Lippstaedter GM-Turnier"]
[Site "Lippstadt GER"]
[Date "2003.08.17"]
[Round "11"]
[White "Cyborowski, Lukasz"]
[Black "Wehmeier, Stefan"]
[Result "1-0"]
[WhiteElo "2550"]
[BlackElo "2362"]
[PlyCount "95"]

1. d4 d5 2. c4 c6 3. Nf3 Nf6 4. e3 e6 5. Bd3 Nbd7 6. O-O Bd6 7. Nbd2 O-O 8. e4
e5 9. exd5 cxd5 10. cxd5 exd4 11. Ne4 Nxe4 12. Bxe4 Nf6 13. Bc2 Nxd5 14. Qxd4
Nb4 15. Bb3 Nc6 16. Qd5 Be6 17. Qb5 Bxb3 18. Qxb3 Qc7 19. Be3 Ne5 20. Nxe5 Bxe5
21. Rac1 Bxh2+ 22. Kh1 Qb8 23. f4 Bg3 24. Bc5 Bh4 25. Bxf8 Qxf8 26. Qxb7 g6 27.
Qf3 Re8 28. b3 Qh6 29. Qh3 Qh5 30. a4 h6 31. Rc8 Rxc8 32. Qxc8+ Kg7 33. Qh3 Qe2
34. Qf3 Qc2 35. Rd1 Bf2 36. b4 h5 37. Qd3 Qb2 38. Qe4 Qb3 39. Qe5+ Kh7 40. Qd5
Qxb4 41. Qxf7+ Kh6 42. Qf6 Qb7 43. f5 Qg7 44. Qe6 Bc5 45. Rc1 Bf2 46. f6 Qb7
47. f7 Qb4 48. Qf6 1-0